000 00495nam a22001815i 4500
001 53380
003 ES-MaACL
005 20230906162744.0
007 t|
008 950921s1895 sp ||||1| spa d
040 _aCAM
_bspa
_cCAM
100 1 _aEscuder, José María.
_947673
245 1 0 _aLocos y anómalos /
_cJosé María Escuder.
260 _aMadrid :
_b[s.n.],
_c1895 (
_fSuc. de Rivadeneyra)
300 _a324 p. ;
_c20 cm.
852 _aES-MaACL
_jF-9975
852 _aES-MaACL
_jD-2526
999 _c53380
_d53380